Danza de los Concheros en San Miguel de Allende (Record no. 10739)

MARC details
000 -CABECERA
campo de control de longitud fija 01025nam a2200253 a 4500
001 - NÚMERO DE CONTROL
campo de control BRL_1931
005 - FECHA Y HORA DE LA ÚLTIMA TRANSACCIÓN
campo de control 20190320211435.0
008 - DATOS DE LONGITUD FIJA--INFORMACIÓN GENERAL
campo de control de longitud fija 190815s1941----mx-ag#####---#000-0#spa-#
041 ## - CÓDIGO DE LENGUA
Código de lengua del texto/banda sonora o título independiente spa
044 ## - CÓDIGO DEL PAÍS DE LA ENTIDAD EDITORA/PRODUCTORA
Código MARC del país mx
050 #4 - SIGNATURA TOPOGRÁFICA DE LA BIBLIOTECA DEL CONGRESO
Número de clasificación GV1627
Número de documento/Ítem .F47 1941
100 1# - ENTRADA PRINCIPAL--NOMBRE DE PERSONA
Nombre de persona Fernández, Justino
Fechas asociadas al nombre 1904-1972
9 (RLIN) 6551
245 10 - MENCIÓN DE TÍTULO
Título Danza de los Concheros en San Miguel de Allende
Mención de responsabilidad, etc. Estudio histórico, costumbrista y coreográfico de Justino Fernández ; recolección y estudio de textos musicales de Vicente T. Mendoza ; Con ocho estampas de Antonio Rodríguez Luna
260 ## - PUBLICACIÓN, DISTRIBUCIÓN, ETC.
Lugar de publicación, distribución, etc. México
Nombre del editor, distribuidor, etc. El Colegio de México : Fondo de Cultura Económica
Fecha de publicación, distribución, etc. 1941
300 ## - DESCRIPCIÓN FÍSICA
Extensión 49 p.
Otras características físicas il., estampas
Dimensiones 40 cm.
440 #0 - MENCIÓN DE SERIE/PUNTO DE ACCESO ADICIONAL--TÍTULO
Título Danzas populares mexicanas
9 (RLIN) 28261
500 ## - NOTA GENERAL
Nota general Au2179
504 ## - NOTA DE BIBLIOGRAFÍA, ETC.
Nota de bibliografía, etc. Bibliografía: p. 42
650 14 - PUNTO DE ACCESO ADICIONAL DE MATERIA--TÉRMINO DE MATERIA
Término de materia o nombre geográfico como elemento de entrada Danzas populares y nacionales
Subdivisión geográfica San Miguel Allende (México)
9 (RLIN) 28262
700 1# - PUNTO DE ACCESO ADICIONAL--NOMBRE DE PERSONA
Nombre de persona Mendoza, Vicente T.
Fechas asociadas al nombre 1894-1964
Forma completa/desarrollada del nombre (Vicente Teódulo)
9 (RLIN) 28263
700 1# - PUNTO DE ACCESO ADICIONAL--NOMBRE DE PERSONA
Nombre de persona Rodríguez Luna, Antonio
Término indicativo de función/relación il.
9 (RLIN) 28264
902 ## - CATALOGADOR
Iniciales GRL
942 ## - ELEMENTOS DE PUNTO DE ACCESO ADICIONAL (KOHA)
Fuente del sistema de clasificación o colocación Library of Congress Classification
Tipo de ítem Koha Libros
Holdings
Estado de retiro Estado de pérdida Estado dañado No para préstamo Localización permanente Ubicación/localización actual Fecha de adquisición Número de inventario Total de préstamos Signatura topográfica completa Código de barras Fecha visto por última vez Precio válido a partir de Tipo de ítem Koha
El ejemplar forma parte de la colección y puede ser consultado según las políticas vigentes.       Biblioteca Centro de Estudios Ruth D. Lechuga Biblioteca Centro de Estudios Ruth D. Lechuga 19/08/2015 Au2179   GV1627 .F47 1941 (Au2179) GRL02140 22/03/2019 22/03/2019 Libros